| 000 | 00653nam a2200181Ia 4500 | ||
|---|---|---|---|
| 008 | 090123s9999 xx 000 0 und d | ||
| 082 | _b3638 | ||
| 100 | _aशिरधनकर भानू | ||
| 245 | _aगुन्हेगारांच्या मागावर | ||
| 250 | _a1 | ||
| 260 |
_bकिर्लोस्कर प्रेस _c1974 |
||
| 300 | _a126 | ||
| 600 | _aशिरधनकर भानू | ||
| 630 | _aगुन्हेगारांच्या मागावर | ||
| 700 | _aशिरधनकर भानू | ||
| 730 | _aगुन्हेगारांच्या मागावर | ||
| 942 | _cBOOK | ||
| 999 |
_c41717 _d41717 |
||